Sociálno-ekonomické podmienky práce
Na minha lista:
| Formato: | Livro |
|---|---|
| Idioma: | eslovaco |
| Publicado em: |
Bratislava
Práca
1987
|
| Colecção: | Knižnica bezpečnosti práce a priemyslu
|
| Tags: |
Sem tags, seja o primeiro a adicionar uma tag!
|
MARC
| LEADER | 00000nam a2200000 4500 | ||
|---|---|---|---|
| 001 | c023506 | ||
| 005 | 20250916122720.2 | ||
| 041 | 0 | |a slo | |
| 044 | |a SK | ||
| 245 | 1 | 0 | |a Sociálno-ekonomické podmienky práce |
| 264 | 1 | |a Bratislava |b Práca |c 1987 | |
| 300 | |a 157 s. | ||
| 490 | 1 | |a Knižnica bezpečnosti práce a priemyslu | |
| 830 | 0 | |a Knižnica bezpečnosti práce a priemyslu | |